000 00567nam a22001937a 4500
005 20251108164103.0
008 250721s1974 xx 000 0 ara d
082 1 4 _a010.9/مال
100 1 _aنويل مالكليس، لويز
245 1 0 _aالبيليوغرافيا /
264 1 _aبيروت :
_bمنشورات عويدات،
_c1974.
300 _a166ص.
490 0 _aسلسلة زدني علما
650 1 7 _aالبيليوغرافيات
650 1 7 _aالتاريخ
700 1 _aشعبان، بهيج
_eترجمة
942 _2ddc
_cBK
999 _c3282
_d3282